000 00771cam a2200253 4500
001 ABS65695
008 020716n2002 000 0 eng u
035 _a(Sirsi) u118858
245 _aRegional survey: Surrey
260 _c2002
490 _aProperty Week
_v67(25) 28 June 2002, 43-58(8)
590 _aABS
650 _aSURREY
650 _aGUILDFORD
650 _aPROPERTY-COMMERCIAL PROPERTY-OFFICE PROPERTY-OFFICE PROPERTY MARKET
650 _aRESIDENTIAL MARKET
650 _aCAMBERLEY
650 _aINDUSTRIAL MARKET
650 _aRESIDENTIAL MARKET
650 _aPROPERTY-COMMERCIAL PROPERTY-RETAIL PROPERTY-RETAIL PROPERTY MARKET
650 _aLEISURE MARKET
690 _aPROPERTY-COMMERCIAL PROPERTY-COMMERCIAL PROPERTY MARKET
942 _n0
999 _c70742
_d70742